Sports Quiz

Random Sports or City Quiz

Unlocated NCAA FBS Schools Quiz Stats

 Plays Quiz Updated Dec 13, 2011

Challenge
Share
Tweet
Score 0/21 Timer 06:00
5 Plays Today
Conference School % Correct
IndependentNotre Dame
90.3%
Pac-12Stanford
77.6%
IndependentNavy
77.3%
IndependentArmy
77.1%
Big TenNorthwestern
75.7%
ACCDuke
75.7%
Big TenPurdue
74%
SECVanderbilt
71.9%
Big 12Baylor
70.2%
Mountain WestAir Force
69.3%
ACCWake Forest
67%
Conference School % Correct
IndependentBrigham Young
61.5%
C-USATulane
44.3%
C-USAMarshall
41.9%
C-USARice
41.3%
AACSouthern Methodist
40.1%
AACTemple
39.4%
MACBall State
34.7%
MACMiami (OH)
31.2%
Sun BeltAppalachian State
26.9%
Conference USAOld Dominion
18%

You're not logged in!

Compare scores with friends on all Sporcle quizzes.
OR
Log In

You Might Also Like...

Show Comments

Extras

Top Quizzes Today


Score Distribution

Your Account Isn't Verified!

In order to create a playlist on Sporcle, you need to verify the email address you used during registration. Go to your Sporcle Settings to finish the process.

Report this User

Report this user for behavior that violates our Community Guidelines.

Details: